000 00718nam a22002172 4500
001 0000002042
005 20151021151054.0
008 070330s xx 000 0 eng d
020 _a9966949038 :
040 _aKABU
_cKABU
050 0 _aHD9199
_b.K4N93
100 1 _aNyangito, Hezron O.
_@0000149687
245 1 0 _aDelivery of services to smallholder coffee farmers and impacts on production under liberalization in Kenya.
260 _aNairobi :
_bKIPPRA,
_c2000.
300 _a44 p.
650 0 _aCoffee industry
_zKenya.
_@0000151252
908 _a070330
950 _@1
999 _c374
_d374